000 01085nam a2200289 i 4500
005 20260628114134.0
008 260628t20242024xxka jr 000 1 eng d
020 _a9781789899610
_cRM79.90
_qhardback
040 _aPPAK
_beng
_cPPAK
_erda
082 0 4 _a398.2
_223
090 0 0 _a398.2
_bVEI
_dR
100 1 _aVeitch, Catherine,
_eauthor.
245 1 0 _aSNUGGLE TIME STORIES /
_cWritten by Catherine Veitch
264 1 _aEssex, UK :
_bMiles Kelly Publishing Ltd,
_c2024
264 4 _c©2024
300 _a139 pages :
_bcolour illustrations ;
_c29 cm
336 _atext
_2rdacontent
336 _astill image
_2rdacontent
337 _aunmediated
_2rdamedia
338 _avolume
_2rdacarrier
500 _a"Fairy tales to share"-- Front cover.
500 _a"This is a super boost book"-- Back cover.
520 _aThis book follows the adventures of familiar fairy tale friends who will enchant young readers as they get ready for their bedtime stories.
650 1 0 _aFairy tales
_vJuvenile fiction.
650 2 0 _aChildren's stories.
942 _2ddc
_cB
999 _c204694
_d204694